Reklama, náklady na reprezentáciu a sponzoring

Reklama, náklady vynaložené na reprezentáciu, sponzorstvo sú z obsahového hľadiska spolu veľmi úzko súvisiace činnosti. Napríklad, hranica medzi reklamou a reprezentáciou je nepatrná, jej obsah môže byť v podstate podobný, ale daňový dopad môže byť naopak veľmi rozdielny. [Zákon č. 595/2003 Z. z. o...

Descrizione completa

Salvato in:
Dettagli Bibliografici
Autore principale: Vanková, Lucia
Natura: Capitolo di libro
Lingua:slovacco
Soggetti:
Tags: Aggiungi Tag
Nessun Tag, puoi essere il primo ad aggiungerne!!

MARC

LEADER 00000naa a2200000 4500
001 0192430
005 20231208090650.6
041 0 |a slo 
044 |a SK 
245 1 0 |a Reklama, náklady na reprezentáciu a sponzoring  |c Lucia Vanková 
520 |a Reklama, náklady vynaložené na reprezentáciu, sponzorstvo sú z obsahového hľadiska spolu veľmi úzko súvisiace činnosti. Napríklad, hranica medzi reklamou a reprezentáciou je nepatrná, jej obsah môže byť v podstate podobný, ale daňový dopad môže byť naopak veľmi rozdielny. [Zákon č. 595/2003 Z. z. o dani z príjmov v z. n. p. v tejto súvislosti hovorí o výdavkoch na reprezentáciu – ale vždy ide o výdavok (náklad), teda výdavok alebo náklad.]. Ilustračné príklady. 
610 2 0 |a dane z príjmov 
610 2 0 |a reklama 
610 2 0 |a sponzorovanie 
610 2 0 |a výdavky daňové 
100 1 |a Vanková, Lucia